| 000 | 01589nam a2200229Ia 4500 | ||
|---|---|---|---|
| 003 | OSt | ||
| 005 | 20210823155953.0 | ||
| 008 | 210310s1982 ck fr 100 0 spa d | ||
| 040 |
_aCO-JMCR _cCO-JMCR |
||
| 041 | 0 | _aspa | |
| 082 | 0 | 4 |
_a336.309861 / _bF727d _223 |
| 111 | 2 |
_aForo Económico Nacional. Foro Regional de Medellín _d(7 y 21 septiembre 1982 : _cMedellín, Bogotá) _939556 |
|
| 245 | 1 | 0 |
_aDéficit fiscal en Colombia / _cForo Económico Nacional. Foro Regional de Medellín |
| 260 |
_aBogotá ; Medellín : _bContraloría General de la Republica, Fundación Friedrich EBERT de Colombia Fescol, _c1982 |
||
| 300 |
_a144 páginas ; _c20 cm. |
||
| 500 | _a"Recopilación de las ponencias, comentarios y resúmenes referentes a los dos foros realizados en Medellín y Bogotá en septiembre 7 y 21 respectivamente."--Portada | ||
| 505 | 0 |
_tEl problema fiscal en Colombia / _rJavier Fernández _tEl déficit fiscal y el gasto público social en Colombia / _rBernardo Kugler _tEl déficit fiscal / _rEnrique Low _tLa crisis del déficit / _rFederico Nieto Tafur _t¿Cómo manejar el Déficit fiscal? / _rFlorangela Gómez _tUna visión Keynesiana del Déficit Fiscal / _rJosé Antonio Ocampo _tEl Déficit Fiscal: Un nuevo demonio? / _rDiego Otero _tEl Déficit Fiscal / _rGuillermo Perry _tEl Déficit Fiscal y la contabilidad / _rLuis Jaime Velásquez _tEl origen político del desequilibrio fiscal / _rEduardo Wiesner Durán |
|
| 650 | 1 | 4 |
_aPolítica Fiscal _917081 _zColombia |
| 650 | 2 | 4 |
_aFinanzas _zColombia _96833 |
| 651 | 4 |
_aColombia _xAspectos Económicos _937370 |
|
| 942 |
_2ddc _cBK |
||
| 999 |
_c8372 _d8372 |
||